Multiple Choice - Statistics

General Stats
  • This quiz has been taken 12 times
  • The average score is 5 of 7
Answer Stats
Question Answer % Correct
What was the profession of Leonardo Da Vinci? painter
100%
What is the symbol on the Albanian flag? eagles
83%
The poem Iliad is written by: Homer
75%
How many colors is on the Central African Republic's flag? blue, white, green, yellow, red
67%
Which novel did Fyodor Dostoevsky write? Crime and Punishment
67%
Where was from Pablo Pissaco? Spanish
58%
Which year Alexander The Great was died? 323 BC
50%
No matching quizzes found
Score Distribution
Percent of People with Each Score
Percentile by Number Answered
Your Score History
You have not taken this quiz